[Event "Petroupoli ASOP Dias Seniors op"]
[Site "Petroupoli"]
[Date "2014.03.29"]
[Round "2.11"]
[White "Kosmadakis, Panagiotis"]
[Black "Bardis, Harilaos Panagiotis"]
[Result "1-0"]
[WhiteElo "1005"]
[BlackElo "1366"]
[PlyCount "73"]
[EventDate "2014.03.22"]
[EventType "swiss"]
[EventRounds "7"]
[EventCountry "GRE"]
[SourceTitle "EXT 2024"]
[Source "ChessBase"]
[SourceDate "2023.10.10"]
[SourceVersion "1"]
[SourceVersionDate "2023.10.10"]
[SourceQuality "1"]

1. d4 Nf6 2. c4 g6 3. Nc3 Bg7 4. e4 d6 5. Bd3 0-0 6. f3 e5 7. d5 Nbd7 8. Be3 Ne8 9. Qd2 f5 10. Bg5 Ndf6 11. Nge2 f4 12. g3 h6 13. Bxf6 Qxf6 14. g4 Qh4+ 15. Kd1 Bd7 16. Kc2 Rb8 17. h3 a6 18. a4 c6 19. b3 Qd8 20. h4 b5 21. axb5 axb5 22. dxc6 bxc4 23. Bxc4+ Kh8 24. cxd7 Qxd7 25. h5 g5 26. Rab1 Nc7 27. Rhd1 Rfd8 28. Na4 Ne6 29. Qd5 Nc7 30. Qd3 Qc6 31. Nec3 Bf8 32. Nd5 Nb5 33. Nb4 Na3+ 34. Kb2 Nxc4+ 35. Kc3 Ne3+ 36. Nxc6 Nxd1+ 37. Qxd1 1-0